Disabled in India / (Record no. 38405)

MARC details
000 -LEADER
fixed length control field 00828nam a22002297a 4500
005 - DATE AND TIME OF LATEST TRANSACTION
control field 20100731134728.0
010 ## - LCCN (DPL NO)
LC control number ENG-97494
020 ## - INTERNATIONAL STANDARD BOOK NUMBER
International Standard Book Number 9788184351026
Terms of availability 650.00
035 ## - SYSTEM CONTROL NUMBER
System control number EN-81027
037 ## - SOURCE OF ACQUISITION
Source of stock number/acquisition DBAD/PUB
082 ## - DEWEY DECIMAL CLASSIFICATION NUMBER
Classification number 305.9080954
100 ## - MAIN ENTRY--PERSONAL NAME
Personal name Barik, S
245 ## - TITLE STATEMENT
Title Disabled in India /
Statement of responsibility, etc by S. Barik
260 ## - PUBLICATION, DISTRIBUTION, ETC. (IMPRINT)
Place of publication, distribution, etc New Delhi
Name of publisher, distributor, etc Adhyayan Publishers and Distributors
Date of publication, distribution, etc 2009
270 ## - ADDRESS
Address 4378/4B, 105, J. M. D. House, Murari Lal Street Ansari Road, Darya Ganj
City New Delhi
Postal code 110002
300 ## - PHYSICAL DESCRIPTION
Extent v, 223p.
Dimensions 22cm (Hb)
500 ## - GENERAL NOTE
General note Includes index
650 ## - SUBJECT ADDED ENTRY--TOPICAL TERM
Topical term or geographic name as entry element India
650 ## - SUBJECT ADDED ENTRY--TOPICAL TERM
Topical term or geographic name as entry element People with disability
942 ## - ADDED ENTRY ELEMENTS (KOHA)
Source of classification or shelving scheme Dewey Decimal Classification
Item type English Books
Classification part 305.9080954
Call number suffix BAR
Holdings
Withdrawn status Lost status Not for loan Collection code Home library Current library Date acquired Source of acquisition Cost, normal purchase price Full call number Barcode Copy number Cost, replacement price Koha item type
    Not For Loan Non-fiction D.B.Act.Division D.B.Act.Division 31/07/2010 DBAD/PUB 650.00 305.9080954 BAR EN-81027 1 650.00 English Books

© Delhi Public Library
Hit Counter
free hit counter